[Event "Manizales op 30th"]
[Site "Manizales"]
[Date "2025.01.11"]
[Round "7"]
[White "Salazar Grisales, Juan Jose"]
[Black "Zapata Cuartas, Juan Carlos"]
[Result "1/2-1/2"]
[WhiteElo "2016"]
[BlackElo "2015"]
[PlyCount "94"]
[EventDate "2025.01.08"]
[EventType "tourn"]
[EventRounds "7"]
[EventCountry "COL"]
[SourceTitle "CB03_2025"]
[SourceDate "2025.01.15"]
[SourceVersion "1"]
[SourceVersionDate "2025.01.15"]
[SourceQuality "1"]

1. e4 c5 2. Nf3 d6 3. Bb5+ Bd7 4. Bxd7+ Qxd7 5. 0-0 Nc6 6. c3 Nf6 7. Re1 e6 8. d4 cxd4 9. cxd4 d5 10. e5 Ne4 11. Nbd2 Nxd2 12. Bxd2 Be7 13. Rc1 Rc8 14. a3 0-0 15. Rc3 b5 16. Rd3 f6 17. exf6 Bxf6 18. Re2 Rfe8 19. Qe1 Re7 20. h4 Rce8 21. Bc3 g6 22. g3 Bg7 23. Kg2 Qb7 24. Kg1 Qd7 25. Qd2 a6 26. h5 gxh5 27. Qg5 Rf7 28. Qxh5 Rf5 29. Qg4 Kh8 30. Rde3 Ref8 31. Nh4 R5f6 32. f4 Qa7 33. Kg2 Nxd4 34. Rd2 Nc2 35. Rxe6 Ne3+ 36. Rxe3 Qxe3 37. Re2 Qd3 38. Bxf6 Bxf6 39. Qf3 Qb1 40. Kh2 Bxh4 41. gxh4 Qf5 42. Qc3+ Qf6 43. Qxf6+ Rxf6 44. Kg3 Kg7 45. Re7+ Rf7 46. Re6 Rf6 47. Re7+ Rf7 1/2-1/2

[Event "Manizales op 30th"]
[Site "Manizales"]
[Date "2025.01.11"]
[Round "6"]
[White "Zapata Cuartas, Juan Carlos"]
[Black "Torres, Juan Camilo"]
[Result "0-1"]
[WhiteElo "2015"]
[BlackElo "2288"]
[PlyCount "125"]
[EventDate "2025.01.08"]
[EventType "tourn"]
[EventRounds "7"]
[EventCountry "COL"]
[SourceTitle "CB03_2025"]
[SourceDate "2025.01.15"]
[SourceVersion "1"]
[SourceVersionDate "2025.01.15"]
[SourceQuality "1"]

1. d4 Nf6 2. c4 c5 3. d5 e6 4. Nc3 exd5 5. cxd5 d6 6. e4 g6 7. Nf3 Bg7 8. Be2 0-0 9. 0-0 Bg4 10. Nd2 Bxe2 11. Qxe2 a6 12. a4 Nbd7 13. Nc4 Nb6 14. Ne3 Re8 15. Qc2 Qe7 16. a5 Nbd7 17. f3 Rab8 18. Nc4 Ne5 19. Nxe5 Qxe5 20. Nd1 Nd7 21. Ne3 Qe7 22. Nc4 Ne5 23. Nxe5 Qxe5 24. Ra4 b5 25. axb6 Rxb6 26. Qd3 Reb8 27. Kh1 Qe7 28. Rxa6 Rxa6 29. Qxa6 Bxb2 30. Bxb2 Rxb2 31. Qc6 Rc2 32. Qa4 Rd2 33. Qc4 Qg5 34. Rg1 Qe3 35. Qb5 Qd4 36. h3 Kg7 37. Qc6 Qe5 38. Qa4 h5 39. Qc6 Ra2 40. Rf1 Kh6 41. Qc7 Kg7 42. Qc6 Ra1 43. Rxa1 Qxa1+ 44. Kh2 Qe5+ 45. Kh1 Kf6 46. h4 Qg3 47. Qc7 Qxh4+ 48. Kg1 Qf4 49. Qd8+ Ke5 50. Qh8+ f6 51. Qe8+ Kd4 52. Qa4+ c4 53. Qd1+ Kc5 54. Qa4 Qc1+ 55. Kh2 Kd4 56. Qa7+ Kd3 57. Qa6 Qf4+ 58. Kg1 Qe3+ 59. Kh2 Qc5 60. Qa4 c3 61. Qd1+ Kc4 62. Qc2 Qe3 63. Qd1 0-1

[Event "Manizales op 30th"]
[Site "Manizales"]
[Date "2025.01.10"]
[Round "4"]
[White "Zapata Cuartas, Juan Carlos"]
[Black "Valderrama Castano, Julian Camilo"]
[Result "1/2-1/2"]
[WhiteElo "2015"]
[BlackElo "1907"]
[PlyCount "64"]
[EventDate "2025.01.08"]
[EventType "tourn"]
[EventRounds "7"]
[EventCountry "COL"]
[SourceTitle "CB03_2025"]
[SourceDate "2025.01.15"]
[SourceVersion "1"]
[SourceVersionDate "2025.01.15"]
[SourceQuality "1"]

1. d4 f5 2. c4 Nf6 3. g3 g6 4. Bg2 Bg7 5. Nf3 0-0 6. 0-0 d6 7. Nc3 Nc6 8. d5 Ne5 9. Qb3 Nxf3+ 10. Bxf3 e5 11. dxe6 c6 12. Rd1 Qe7 13. Bf4 Rd8 14. Rd2 Bxe6 15. Rad1 Qf7 16. Bxd6 Bxc4 17. Qb4 Bf8 18. Bxf8 Rxd2 19. Rxd2 Rxf8 20. b3 Be6 21. Qd4 a6 22. b4 Rc8 23. Qd6 Rc7 24. Qe5 Re7 25. Qb8+ Re8 26. Rd8 Rxd8 27. Qxd8+ Kg7 28. a4 Qd7 29. Qb8 Kf7 30. Qe5 Ne8 31. Kg2 Qd6 32. Qxd6 Nxd6 1/2-1/2

[Event "Manizales op 30th"]
[Site "Manizales"]
[Date "2025.01.09"]
[Round "2"]
[White "Zapata Cuartas, Juan Carlos"]
[Black "Montes Ramirez, Jorge Andres"]
[Result "1-0"]
[WhiteElo "2015"]
[BlackElo "1802"]
[PlyCount "101"]
[EventDate "2025.01.08"]
[EventType "tourn"]
[EventRounds "7"]
[EventCountry "COL"]
[SourceTitle "CB03_2025"]
[SourceDate "2025.01.15"]
[SourceVersion "1"]
[SourceVersionDate "2025.01.15"]
[SourceQuality "1"]

1. d4 Nf6 2. c4 e5 3. dxe5 Ng4 4. Bf4 g5 5. Bg3 Bg7 6. Nf3 Nc6 7. Nc3 Ngxe5 8. Nxe5 Nxe5 9. e3 d6 10. Be2 Be6 11. Rc1 Qd7 12. 0-0 0-0-0 13. f4 gxf4 14. exf4 Nxc4 15. f5 Ne3 16. fxe6 fxe6 17. Qb3 Nxf1 18. Kxf1 Bxc3 19. Rxc3 e5 20. Bf3 c6 21. Qa4 Kb8 22. Rb3 Rhf8 23. Bf2 b5 24. Qa6 d5 25. Bxa7+ Qxa7 26. Qxc6 Qc7 27. Rxb5+ Kc8 28. Qa6+ Kd7 29. Rb7 e4 30. Qb5+ Kd6 31. Rxc7 Kxc7 32. Qc5+ Kb7 33. Ke2 exf3+ 34. gxf3 d4 35. Qb5+ Kc7 36. Qd3 Kc6 37. b4 Rfe8+ 38. Kd2 Kd5 39. a4 Rg8 40. Qb5+ Ke6 41. Kd3 Rgf8 42. Qc6+ Rd6 43. Qe4+ Kd7 44. Qxh7+ Kc6 45. Qe4+ Kd7 46. b5 Re8 47. Qf5+ Kc7 48. Qf7+ Kd8 49. a5 Re3+ 50. Kd2 Ra3 51. b6 1-0

[Event "COL-chT sf"]
[Site "Medellin"]
[Date "2024.11.10"]
[Round "6.1"]
[White "Zapata Cuartas, Juan Carlos"]
[Black "Gonzalez Velasco, Leandro"]
[Result "0-1"]
[WhiteElo "2019"]
[BlackElo "2127"]
[PlyCount "56"]
[EventDate "2024.11.07"]
[EventType "team-swiss"]
[EventRounds "6"]
[EventCountry "COL"]
[SourceTitle "CB49_2024"]
[SourceDate "2024.12.04"]
[SourceVersion "1"]
[SourceVersionDate "2024.12.04"]
[SourceQuality "1"]
[WhiteTeam "Antioquia Polijic"]
[BlackTeam "Valle"]
[WhiteTeamCountry "COL"]
[BlackTeamCountry "COL"]

1. d4 d5 2. c4 c5 3. cxd5 Qxd5 4. Nc3 Qxd4 5. Qxd4 cxd4 6. Nb5 Na6 7. Nf3 Nf6 8. Nbxd4 g6 9. Bg5 Bg7 10. e3 0-0 11. Bxa6 bxa6 12. Rc1 h6 13. Bh4 g5 14. Bg3 Ne4 15. Bc7 Bb7 16. 0-0 e6 17. Rc2 Rac8 18. Rfc1 Bd5 19. b3 h5 20. Ba5 Rxc2 21. Rxc2 f5 22. Nc6 f4 23. Ne7+ Kh7 24. Nxd5 exd5 25. Rc7 fxe3 26. fxe3 Kg8 27. Rxa7 g4 28. Nd2 Bh6 0-1

[Event "Medellin Raza Antioquia"]
[Site "Medellin"]
[Date "2024.10.12"]
[Round "5"]
[White "Zapata Cuartas, Juan Carlos"]
[Black "Ayala Delgado, Sergio Alejandro"]
[Result "1/2-1/2"]
[WhiteElo "2015"]
[BlackElo "1971"]
[PlyCount "57"]
[EventDate "2024.10.10"]
[EventType "swiss"]
[EventRounds "9"]
[EventCountry "COL"]
[SourceTitle "CB43_2024"]
[Source "Chessbase"]
[SourceDate "2024.10.23"]
[SourceVersion "1"]
[SourceVersionDate "2024.10.23"]
[SourceQuality "1"]

1. d4 d5 2. c4 e6 3. Nc3 c5 4. cxd5 cxd4 5. Qa4+ Bd7 6. Qxd4 exd5 7. Nf3 Nc6 8. Qxd5 Nf6 9. Qd1 Bc5 10. e3 0-0 11. Be2 Qe7 12. 0-0 Rfd8 13. a3 Ne5 14. Nd5 Nxf3+ 15. Bxf3 Nxd5 16. Bxd5 Bc6 17. e4 Bxd5 18. exd5 Qe5 19. Qb3 Qxd5 20. Qxd5 Rxd5 21. Bf4 g5 22. Bc1 Rc8 23. b4 Bb6 24. Ra2 Re8 25. Rd2 Rxd2 26. Bxd2 f6 27. Re1 Rd8 28. Bc3 Kf7 29. Kf1 1/2-1/2

[Event "American Continental Rapid 18th"]
[Site "Medellin"]
[Date "2024.06.01"]
[Round "4"]
[White "Perez Pertuz, Carlos Mario"]
[Black "Zapata Cuartas, Juan Carlos"]
[Result "0-1"]
[WhiteElo "1855"]
[BlackElo "1996"]
[PlyCount "86"]
[EventDate "2024.06.01"]
[EventType "swiss (rapid)"]
[EventRounds "9"]
[EventCountry "COL"]
[SourceTitle "CBM 220 Extra"]
[Source "ChessBase"]
[SourceDate "2024.07.31"]
[SourceVersion "1"]
[SourceVersionDate "2024.07.31"]
[SourceQuality "1"]

1. e4 c5 2. Nf3 d6 3. d4 cxd4 4. Nxd4 Nf6 5. Nc3 a6 6. Bg5 e6 7. f3 Be7 8. Qd2 Qc7 9. 0-0-0 Nbd7 10. g4 b5 11. Bxb5 axb5 12. Ndxb5 Qb8 13. Nxd6+ Bxd6 14. Qxd6 Qxd6 15. Rxd6 Ne5 16. Rhd1 0-0 17. Bxf6 gxf6 18. Rf1 Ba6 19. Rf2 Rfd8 20. Rxd8+ Rxd8 21. b3 Bb7 22. a4 Kf8 23. Kb2 Rb8 24. Nb5 Bc6 25. Nc3 Ke7 26. Ka3 h5 27. h3 hxg4 28. hxg4 Rh8 29. Ne2 Rh3 30. Nd4 Bb7 31. a5 Ba6 32. Ka4 Rh1 33. Ka3 Kd6 34. Rd2 Kc5 35. b4+ Kc4 36. Nb3 Kc3 37. Ka4 Bc4 38. Rd8 Kxc2 39. b5 Bxb3+ 40. Kb4 Nd3+ 41. Rxd3 Kxd3 42. Kxb3 Rb1+ 43. Ka4 Kc4 0-1

[Event "American Continental Rapid 18th"]
[Site "Medellin"]
[Date "2024.06.01"]
[Round "2"]
[White "Silva Alvarez, Matias"]
[Black "Zapata Cuartas, Juan Carlos"]
[Result "0-1"]
[WhiteElo "1556"]
[BlackElo "1996"]
[PlyCount "82"]
[EventDate "2024.06.01"]
[EventType "swiss (rapid)"]
[EventRounds "9"]
[EventCountry "COL"]
[SourceTitle "CBM 220 Extra"]
[Source "ChessBase"]
[SourceDate "2024.07.31"]
[SourceVersion "1"]
[SourceVersionDate "2024.07.31"]
[SourceQuality "1"]

1. e4 c5 2. Nf3 d6 3. c3 Nf6 4. Bd3 Nc6 5. h3 e5 6. Bc2 Be7 7. d4 cxd4 8. cxd4 0-0 9. Nc3 Re8 10. a3 Bd7 11. Be3 Rc8 12. Qd3 exd4 13. Nxd4 Ne5 14. Qe2 Nc4 15. Bd3 Nxe3 16. Qxe3 Bf8 17. 0-0 a6 18. Rfd1 h6 19. Nde2 Qe7 20. f3 d5 21. Qf2 dxe4 22. Nxe4 Nxe4 23. Bxe4 Bc6 24. Nc3 Qe5 25. Kh1 Bc5 26. Qd2 Re6 27. Qc2 Bd6 28. g4 Qg3 29. Qg2 Qxg2+ 30. Kxg2 Bxe4 31. fxe4 Be5 32. Rd3 Bxc3 33. Rxc3 Rxc3 34. bxc3 Rxe4 35. Rd1 Kf8 36. Rd3 Ke7 37. Kf3 Ra4 38. Ke3 Rxa3 39. Kd4 b5 40. Kc5 Rb3 41. Kb6 b4 0-1

[Event "American Continental Rapid 18th"]
[Site "Medellin"]
[Date "2024.06.01"]
[Round "5"]
[White "Zapata Cuartas, Juan Carlos"]
[Black "Avella Munoz, Andrea"]
[Result "1-0"]
[WhiteElo "1996"]
[BlackElo "1727"]
[PlyCount "145"]
[EventDate "2024.06.01"]
[EventType "swiss (rapid)"]
[EventRounds "9"]
[EventCountry "COL"]
[SourceTitle "CBM 220 Extra"]
[Source "ChessBase"]
[SourceDate "2024.07.31"]
[SourceVersion "1"]
[SourceVersionDate "2024.07.31"]
[SourceQuality "1"]

1. d4 d5 2. c4 c6 3. Nf3 Bf5 4. Nc3 e6 5. Qb3 Qb6 6. Qxb6 axb6 7. cxd5 exd5 8. Bf4 Bb4 9. e3 Nf6 10. Nd2 h6 11. Be2 g5 12. Bg3 Nbd7 13. 0-0 h5 14. h4 gxh4 15. Bxh4 Rg8 16. Kh1 0-0-0 17. f3 Rde8 18. Bf2 h4 19. Rae1 Nh5 20. Bxh4 Ng3+ 21. Bxg3 Rxg3 22. e4 Rh8+ 23. Kg1 Bh3 24. Rf2 c5 25. Nf1 Rgg8 26. Rc1 dxe4 27. Nxe4 f5 28. a3 fxe4 29. axb4 Kb8 30. bxc5 bxc5 31. dxc5 Bf5 32. fxe4 Bxe4 33. Bf3 Bxf3 34. Rxf3 Rh5 35. c6 bxc6 36. Rxc6 Kb7 37. Rc1 Rhg5 38. Rb3+ Nb6 39. Ne3 Rg3 40. Kf2 R3g6 41. g4 Rc6 42. Rxc6 Kxc6 43. Kg3 Kc5 44. Kf4 Rf8+ 45. Kg3 Na4 46. Nf5 Kc4 47. Rb7 Nc5 48. Rc7 Kd5 49. b4 Ne4+ 50. Kf4 Nf2 51. Rc5+ Ke6 52. Re5+ Kd7 53. Re3 Kc6 54. Kg3 Nd1 55. Rf3 Rb8 56. Ne3 Nc3 57. Nc2 Ne4+ 58. Kf4 Nd6 59. Rc3+ Kd5 60. Rc5+ Ke6 61. Nd4+ Kd7 62. b5 Rf8+ 63. Nf5 Nb7 64. Rd5+ Kc7 65. g5 Kb6 66. g6 Nc5 67. Ke5 Kxb5 68. Kd4 Rd8 69. Rxd8 Ne6+ 70. Ke5 Nxd8 71. g7 Nf7+ 72. Kf6 Nh6 73. Nxh6 1-0

[Event "American Continental 18th"]
[Site "Medellin"]
[Date "2024.05.30"]
[Round "9"]
[White "Echavarria, Johann"]
[Black "Zapata Cuartas, Juan Carlos"]
[Result "1-0"]
[WhiteElo "2277"]
[BlackElo "1963"]
[PlyCount "50"]
[EventDate "2024.05.24"]
[EventType "swiss"]
[EventRounds "11"]
[EventCountry "COL"]
[SourceTitle "CBM 220 Extra"]
[Source "ChessBase"]
[SourceDate "2024.07.31"]
[SourceVersion "1"]
[SourceVersionDate "2024.07.31"]
[SourceQuality "1"]

1. d4 Nf6 2. c4 e6 3. Nf3 b6 4. g3 Ba6 5. b3 Bb4+ 6. Bd2 Be7 7. Nc3 d5 8. cxd5 exd5 9. Bg2 0-0 10. 0-0 c6 11. a3 Nbd7 12. b4 Bd6 13. Nh4 g6 14. b5 Bb7 15. bxc6 Bxc6 16. Qb3 Ne4 17. Bh6 Re8 18. Nxd5 Ndf6 19. Nxf6+ Qxf6 20. Be3 Rad8 21. Nf3 g5 22. Nxg5 Nxg5 23. Bxc6 Nh3+ 24. Kg2 Bxg3 25. Bxe8 Rxe8 1-0

[Event "American Continental 18th"]
[Site "Medellin"]
[Date "2024.05.26"]
[Round "4"]
[White "Zapata Cuartas, Juan Carlos"]
[Black "Mendoza, Rafael"]
[Result "1/2-1/2"]
[WhiteElo "1963"]
[BlackElo "2235"]
[PlyCount "41"]
[EventDate "2024.05.24"]
[EventType "swiss"]
[EventRounds "11"]
[EventCountry "COL"]
[SourceTitle "CBM 220 Extra"]
[Source "ChessBase"]
[SourceDate "2024.07.31"]
[SourceVersion "1"]
[SourceVersionDate "2024.07.31"]
[SourceQuality "1"]

1. d4 Nf6 2. c4 e6 3. Nf3 d5 4. Nc3 dxc4 5. Qa4+ Nbd7 6. Qxc4 a6 7. e4 c5 8. e5 cxd4 9. Qxd4 Ng8 10. Be2 Ne7 11. 0-0 Nc6 12. Qe4 Qa5 13. Bf4 Qb4 14. a3 Qxe4 15. Nxe4 Nc5 16. Nxc5 Bxc5 17. Rac1 Be7 18. Rfd1 Bd7 19. h3 h6 20. Nd4 Nxd4 21. Rxd4 1/2-1/2

[Event "COL-ch sf"]
[Site "Pereira"]
[Date "2024.03.31"]
[Round "11"]
[White "Jaramillo, Carlos Orlando"]
[Black "Zapata Cuartas, Juan Carlos"]
[Result "0-1"]
[WhiteElo "1834"]
[BlackElo "1987"]
[PlyCount "80"]
[EventDate "2024.03.26"]
[EventType "swiss"]
[EventRounds "11"]
[EventCountry "COL"]
[SourceTitle "CBM 219 Extra"]
[Source "ChessBase"]
[SourceDate "2024.05.31"]
[SourceVersion "1"]
[SourceVersionDate "2024.05.31"]
[SourceQuality "1"]

1. b4 e5 2. a3 d5 3. Bb2 Bd6 4. e3 Be6 5. g3 Nd7 6. Bg2 c6 7. Ne2 Ne7 8. 0-0 0-0 9. d3 Nb6 10. a4 a5 11. b5 Qd7 12. Nbc3 Bh3 13. f4 Bxg2 14. Kxg2 Nf5 15. Bc1 d4 16. e4 dxc3 17. exf5 cxb5 18. axb5 Qxb5 19. Nxc3 Qc6+ 20. Ne4 Nd5 21. c4 Nc3 22. Qf3 Nxe4 23. Qxe4 Qxe4+ 24. dxe4 Rfc8 25. Ra4 Bb4 26. fxe5 Rxc4 27. Kf3 b5 28. Ra2 Rd8 29. Be3 a4 30. Rb1 Rd3 31. Kf4 f6 32. e6 g5+ 33. fxg6 hxg6 34. h4 Bd6+ 35. Kf3 Rcc3 36. Re2 b4 37. e5 Bc5 38. exf6 Rxe3+ 39. Rxe3 Rxe3+ 40. Kf4 Rxe6 0-1

[Event "COL-ch sf"]
[Site "Pereira"]
[Date "2024.03.30"]
[Round "9"]
[White "Ruiz Agudelo, Jeronimo"]
[Black "Zapata Cuartas, Juan Carlos"]
[Result "1-0"]
[WhiteElo "1875"]
[BlackElo "1987"]
[PlyCount "67"]
[EventDate "2024.03.26"]
[EventType "swiss"]
[EventRounds "11"]
[EventCountry "COL"]
[SourceTitle "CBM 219 Extra"]
[Source "ChessBase"]
[SourceDate "2024.05.31"]
[SourceVersion "1"]
[SourceVersionDate "2024.05.31"]
[SourceQuality "1"]

1. e4 c5 2. Nf3 d6 3. d4 cxd4 4. Nxd4 Nf6 5. Nc3 a6 6. Be3 e5 7. Nb3 Be6 8. f3 h5 9. Qd2 Be7 10. Nd5 Nxd5 11. exd5 Bf5 12. Be2 Bh4+ 13. g3 Be7 14. 0-0 Qc7 15. c4 b6 16. f4 Bh3 17. Rfd1 Nd7 18. Rac1 Bf6 19. fxe5 Nxe5 20. Nd4 Qd7 21. Bf4 h4 22. Nc6 Qf5 23. Nxe5 dxe5 24. Bd3 Qg4 25. Re1 hxg3 26. Bxg3 0-0 27. Qe2 Qd4+ 28. Bf2 Qf4 29. Qh5 Qh6 30. Qxh6 gxh6 31. Bxb6 Rab8 32. Bc5 Rfc8 33. b4 Kh8 34. Kh1 1-0

[Event "Manizales Feria op 29th"]
[Site "Manizales"]
[Date "2024.01.08"]
[Round "6"]
[White "Lopez Idarraga, Daniel Eduardo"]
[Black "Zapata Cuartas, Juan Carlos"]
[Result "0-1"]
[WhiteElo "2030"]
[BlackElo "1949"]
[PlyCount "116"]
[EventDate "2024.01.05"]
[EventType "swiss"]
[EventRounds "7"]
[EventCountry "COL"]
[SourceTitle "CBM 218 Extra"]
[Source "ChessBase"]
[SourceDate "2024.03.31"]
[SourceVersion "1"]
[SourceVersionDate "2024.03.31"]
[SourceQuality "1"]

1. e4 c5 2. Nc3 Nc6 3. Bb5 Nd4 4. Nf3 g6 5. Ba4 Bg7 6. 0-0 a6 7. Nxd4 cxd4 8. Ne2 e6 9. d3 Ne7 10. f4 b5 11. Bb3 Bb7 12. Qe1 Qb6 13. Qh4 Bxe4 14. dxe4 d3+ 15. Qf2 Qxf2+ 16. Rxf2 dxe2 17. Rxe2 0-0 18. c3 Rfd8 19. Be3 d5 20. Bc5 Nc6 21. exd5 exd5 22. Rd1 d4 23. Bb6 Rd7 24. Red2 Rb8 25. Bc5 Rbd8 26. Bb6 Rb8 27. Bxd4 Nxd4 28. cxd4 Rbd8 29. d5 Rd6 30. Rc1 Bh6 31. g3 g5 32. Rd4 Bg7 33. Re4 Bxb2 34. Rc7 Bf6 35. fxg5 Bxg5 36. Rg4 Rg6 37. Kg2 Rdd6 38. Rc8+ Kg7 39. Bc2 h5 40. Rd4 Rgf6 41. h4 Be3 42. Re4 Rf2+ 43. Kh3 Rxd5 44. g4 Bf4 45. gxh5 f5 46. h6+ Kxh6 47. Re6+ Kg7 48. Bxf5 Rxf5 49. Rxa6 Rf6 50. Rxf6 Kxf6 51. Kg4 Bd6 52. Ra8 Rf4+ 53. Kh3 Ra4 54. Rxa4 bxa4 55. h5 Kg5 56. Kg2 Kf4 57. Kf2 Ke4 58. Ke2 Bf4 0-1

[Event "Manizales Feria op 29th"]
[Site "Manizales"]
[Date "2024.01.07"]
[Round "5"]
[White "Zapata Cuartas, Juan Carlos"]
[Black "Narvaez Melo, Zamir Alexis"]
[Result "1/2-1/2"]
[WhiteElo "1949"]
[BlackElo "2037"]
[PlyCount "54"]
[EventDate "2024.01.05"]
[EventType "swiss"]
[EventRounds "7"]
[EventCountry "COL"]
[SourceTitle "CBM 218 Extra"]
[Source "ChessBase"]
[SourceDate "2024.03.31"]
[SourceVersion "1"]
[SourceVersionDate "2024.03.31"]
[SourceQuality "1"]

1. d4 Nf6 2. c4 c5 3. d5 b5 4. cxb5 a6 5. Nc3 axb5 6. e4 b4 7. Nb5 d6 8. f3 g6 9. Bc4 Bg7 10. h4 Nbd7 11. Nh3 Ne5 12. Be2 Nh5 13. Kf2 c4 14. a4 bxa3 15. Be3 Rb8 16. Nxa3 Rxb2 17. Nxc4 Nxc4 18. Qa4+ Bd7 19. Qxc4 0-0 20. Ra7 Bb5 21. Qxb5 Rxb5 22. Bxb5 f5 23. Bc6 f4 24. Nxf4 Nxf4 25. Ra8 Qxa8 26. Bxa8 Nxg2 27. Kxg2 e6 1/2-1/2

[Event "Medellin de La Raza op"]
[Site "Medellin"]
[Date "2023.10.13"]
[Round "3"]
[White "Claverie, Raul Ricardo"]
[Black "Zapata Cuartas, Juan Carlos"]
[Result "1-0"]
[WhiteElo "2399"]
[BlackElo "1947"]
[PlyCount "85"]
[EventDate "2023.10.12"]
[EventType "swiss"]
[EventRounds "10"]
[EventCountry "COL"]
[SourceTitle "CBM 216 Extra"]
[Source "ChessBase"]
[SourceDate "2023.11.30"]
[SourceVersion "1"]
[SourceVersionDate "2023.11.30"]
[SourceQuality "1"]

1. e4 c5 2. g3 Nc6 3. Bg2 g6 4. d3 Bg7 5. c3 e6 6. Be3 d6 7. f4 Nge7 8. Nf3 0-0 9. 0-0 Qc7 10. Bf2 Bd7 11. d4 cxd4 12. cxd4 d5 13. e5 Rac8 14. Nc3 a6 15. Rc1 b6 16. g4 Qa7 17. Qd2 Rc7 18. Bh4 Rfc8 19. Bf6 b5 20. Qf2 Bf8 21. Rcd1 Be8 22. h4 b4 23. Ne2 Na5 24. Ne1 Bb5 25. h5 Bxe2 26. Qxe2 b3 27. hxg6 fxg6 28. axb3 Nxb3 29. Qd3 Nc1 30. Qe3 Qb6 31. f5 Qxb2 32. fxe6 Rc3 33. Qf2 Rc2 34. Nxc2 Rxc2 35. Qxc2 Ne2+ 36. Qxe2 Qxe2 37. Rb1 Qxg4 38. Rb8 Qxd4+ 39. Kh1 Nf5 40. Rf3 Qc5 41. e7 Qc1+ 42. Bf1 Nxe7 43. Rxf8+ 1-0

[Event "Medellin Flores op 30th"]
[Site "Medellin"]
[Date "2023.08.06"]
[Round "7"]
[White "Hernandez Grajales, Andres"]
[Black "Zapata Cuartas, Juan Carlos"]
[Result "0-1"]
[WhiteElo "1821"]
[BlackElo "1972"]
[PlyCount "100"]
[EventDate "2023.08.03"]
[EventType "swiss"]
[EventRounds "9"]
[EventCountry "COL"]
[SourceTitle "EXT 2024"]
[Source "ChessBase"]
[SourceDate "2023.10.10"]
[SourceVersion "1"]
[SourceVersionDate "2023.10.10"]
[SourceQuality "1"]

1. e4 c5 2. Ne2 a6 3. h3 d6 4. d4 cxd4 5. Nxd4 Nf6 6. Nc3 e5 7. Nde2 h5 8. Bg5 Be7 9. Qd2 Be6 10. g3 Nbd7 11. Bg2 b5 12. a3 Rc8 13. 0-0 Nb6 14. b3 Qd7 15. Kh2 Qc7 16. Rfd1 Rd8 17. Bxf6 Bxf6 18. Nd5 Bxd5 19. exd5 h4 20. g4 Rc8 21. Ra2 Qc5 22. Kg1 g6 23. Qa5 0-0 24. Nc1 Bd8 25. Nd3 Nxd5 26. Qxa6 Qd4 27. Bxd5 Qxd5 28. Qxc8 Qf3 29. Re1 Bb6 30. Qd7 Qg3+ 31. Kf1 Qxh3+ 32. Ke2 e4 33. Nb4 Qf3+ 34. Kd2 Qxf2+ 35. Kd1 Qf3+ 36. Kc1 Bf2 37. Nd3 exd3 38. Re8 Be3+ 39. Kb2 Bd4+ 40. c3 Qf2+ 41. Kb1 Qg1+ 42. Kb2 Qh2+ 43. Kb1 d2 44. Rxf8+ Kxf8 45. Rxd2 Qxd2 46. Qxd6+ Kg7 47. cxd4 h3 48. Qe5+ Kh7 49. Qf6 Kg8 50. g5 h2 0-1

[Event "Medellin Flores op 30th"]
[Site "Medellin"]
[Date "2023.08.04"]
[Round "2"]
[White "Toro Ramirez, Samuel"]
[Black "Zapata Cuartas, Juan Carlos"]
[Result "0-1"]
[WhiteElo "1809"]
[BlackElo "1972"]
[PlyCount "82"]
[EventDate "2023.08.03"]
[EventType "swiss"]
[EventRounds "9"]
[EventCountry "COL"]
[SourceTitle "CBM 215 Extra"]
[Source "ChessBase"]
[SourceDate "2023.09.30"]
[SourceVersion "1"]
[SourceVersionDate "2023.09.30"]
[SourceQuality "1"]

1. e4 c5 2. Nc3 Nc6 3. g3 g6 4. Bg2 Bg7 5. d3 e6 6. Be3 d6 7. Qd2 Rb8 8. Nge2 Nd4 9. 0-0 h5 10. Bxd4 cxd4 11. Nb5 Qb6 12. Qb4 Ke7 13. a3 e5 14. f4 Bd7 15. fxe5 Bxb5 16. Nf4 Qc5 17. Nd5+ Kf8 18. e6 f6 19. e7+ Nxe7 20. Nxf6 Qxb4 21. Nd5+ Ke8 22. axb4 Nxd5 23. exd5 Be5 24. Rxa7 Rf8 25. Re1 Kf7 26. Bh3 Kg7 27. Ra5 Be8 28. Ra3 Bf7 29. c4 dxc3 30. bxc3 Bxd5 31. d4 Bf6 32. Bg2 Bxg2 33. Kxg2 Rfe8 34. Rxe8 Rxe8 35. Ra7 Re7 36. Kf3 g5 37. g4 Kg6 38. h3 h4 39. Kf2 Rc7 40. Ra3 Rxc3 41. Rxc3 Bxd4+ 0-1